Lịch sử Triết học
Nội dung trình bày: Khái luận chung về lịch sử triết học; Triết học Ấn Độ cổ, Trung đại; Triết học Trung hoa cổ, Trung đại; Lịch sử Tư tưởng triết học Viêt Nam; Triết học Hy Lap cổ đại; Triết học Tây Âu thời kỳ trung cổ.....
Guardat en:
| Autor principal: | |
|---|---|
| Altres autors: | |
| Format: | Llibre |
| Idioma: | Undetermined |
| Publicat: |
Tp. Hồ Chí Minh
Đại học Quốc gia Tp. Hồ Chí Minh
2019
|
| Matèries: | |
| Accés en línia: | http://lrc.tdmu.edu.vn/opac/search/detail.asp?aID=2&ID=39556 |
| Etiquetes: |
Afegir etiqueta
Sense etiquetes, Sigues el primer a etiquetar aquest registre!
|
| Thư viện lưu trữ: | Trung tâm Học liệu Trường Đại học Thủ Dầu Một |
|---|
| LEADER | 01131nam a2200217Ia 4500 | ||
|---|---|---|---|
| 001 | TDMU_39556 | ||
| 008 | 210410s9999 xx 000 0 und d | ||
| 082 | |a 371.207 | ||
| 090 | |b Đ312 | ||
| 100 | |a Đinh, Ngọc Quyên | ||
| 245 | 0 | |a Lịch sử Triết học | |
| 245 | 0 | |c Đinh Ngọc Quyên (chủ biên), Phạm Văn Búa, Nguyễn Đại Thắng, Lữ Minh Đăng, Lê Thanh Thuận | |
| 260 | |a Tp. Hồ Chí Minh | ||
| 260 | |b Đại học Quốc gia Tp. Hồ Chí Minh | ||
| 260 | |c 2019 | ||
| 300 | |a 194tr. | ||
| 520 | |a Nội dung trình bày: Khái luận chung về lịch sử triết học; Triết học Ấn Độ cổ, Trung đại; Triết học Trung hoa cổ, Trung đại; Lịch sử Tư tưởng triết học Viêt Nam; Triết học Hy Lap cổ đại; Triết học Tây Âu thời kỳ trung cổ.. | ||
| 650 | |a Triết học |x Lịch sử | ||
| 700 | |a Phạm, Văn Búa | ||
| 856 | |u http://lrc.tdmu.edu.vn/opac/search/detail.asp?aID=2&ID=39556 | ||
| 980 | |a Trung tâm Học liệu Trường Đại học Thủ Dầu Một | ||